| 000 | 00350nam a2200157Ia 4500 | ||
|---|---|---|---|
| 100 | _aGupta/Alpana/ Gupta/S.M | ||
| 650 | _aBusiness Communication | ||
| 942 | _cBK | ||
| 366 | _f25 | ||
| 654 | _abusiness | ||
| 245 | _aEffective Business communication | ||
| 260 |
_bViva _c2016 |
||
| 082 |
_a372.2 _bGUP |
||
| 300 | _a416 | ||
| 546 |
_aENGLISH _cTTL |
||
| 999 |
_c32261 _d32261 |
||